00410nam a2200157Ia 450000500170000000800410001702000180005804100120007608200150008810000170010324500410012025000080016126000290016950000080019865000460020620240823012215.0240823s9999||||xx |||||||||||||| ||und|| a81-7319-272-3 aENGLISH A620.106 N9 aMuralidhar K 0aAdvanced Engineering Fluid Mechanics a1st c1999b"Narosa,New Delhi" aYES aFluid MechanicsbAeronautical Engineering